000 00449nam a22001697a 4500
005 20180411111547.0
008 160611b xxu||||| |||| 00| 0 eng d
020 _a978-81775-8174-4
041 _aeng
082 _b6973
_a338.88
100 _aSharan, Vyuptakesh
_9733
245 _aInternational Business Concept, Environment and Strategy
260 _aDelhi
_bpearson education
_c2006
300 _a538
650 _aManagement
_9241
942 _cBK
999 _c2426
_d2425